000 00973nam a22002777a 4500
003 DO-SdBNP
005 20240410183719.0
007 ta
008 220620e2019 dr a|||| |||| 00| 0 spa d
020 _a9789945917529
040 _aDO-SdBNP
_bspa
_cBNPHU
082 4 _222
_a610.7
_bI598
245 0 0 _aInstructivo acerca de los exámenes requeridos para obtener licencias médicas en los Estados Unidos:
_bÁrea de ciencias de la salud. /
_cDharma Herrera... [et.al.]
260 _aSanto Domingo :
_bInstituto Tecnológico de Santo Domingo,
_c2019
300 _a29 p. :
_bil.;
_c21 cm
590 _aInventariado, 2022 / SA
650 4 0 _aMedicina
_xPreguntas
_xExámenes
_912481
700 1 _aHerrera, Dharma
_981893
700 1 _aRivera, Beatriz
_983041
700 1 _aAntigua, Sandra
_983042
700 1 _aMelo, Michelle
_983043
700 1 _aCepeda, Gabriela
_983044
710 2 _aInstituto Tecnológico de Santo Domingo
_978911
910 _aSaquino
942 _2ddc
_cLF2
999 _c52076
_d52076